000 00479nam a2200193Ia 4500
005 20230710113553.0
008 131103s9999 xx 000 0 und d
040 _aLoreto College
041 _aEnglish
082 _a962
_bSTE
100 _aStephens, Robert
245 _aNasser
_b A Political Biography
_cRobert Stephens
260 _aLondon
_bPenguin books
_c1973
300 _a635p.
504 _aIncludes index
650 _aHistory
850 _aLCLIB
942 _cBK
999 _c24372
_d74851